[Event "7MCR_4D_1L_2S"]
[Site "?"]
[Date "2006.??.??"]
[Round "?"]
[White "Hladecek, Miloslav"]
[Black "Splichal, Stanislav"]
[Result "1/2-1/2"]
[WhiteElo "2281"]
[BlackElo "2258"]
[PlyCount "95"]
[EventDate "2006.??.??"]
[EventType "corr"]

1. e4 c5 2. Nf3 Nc6 3. Bc4 e6 4. Qe2 a6 5. d3 Nge7 6. Bb3 d5 7. O-O dxe4 8.
Qxe4 Nd5 9. Bg5 Nf6 10. Qh4 Be7 11. Nbd2 b6 12. c3 Bb7 13. Rad1 h6 14. Ne4 Nd5
15. Bxe7 Qxe7 16. Qg3 O-O 17. Ba4 Rfd8 18. Bxc6 Bxc6 19. Ne5 Be8 20. f4 f6 21.
Nc4 b5 22. Ne3 Nxe3 23. Qxe3 Rac8 24. Rde1 Bg6 25. Rf3 Rd5 26. Nf2 Re8 27. a3
a5 28. Rg3 Bf5 29. Qe2 Red8 30. Re3 Qd7 31. Rd1 Qd6 32. Qf3 e5 33. fxe5 Rxe5
34. Rde1 Rxe3 35. Rxe3 Bg6 36. h4 a4 37. Ne4 Qd5 38. Qg3 Kh7 39. Qf4 Bxe4 40.
Rxe4 Qxd3 41. Qf5+ Kg8 42. Re8+ Kf7 43. Qe6+ Kg6 44. Qg4+ Kf7 45. Rxd8 Qxd8 46.
Qh5+ Kg8 47. Qxc5 Qd1+ 48. Kf2 1/2-1/2

[Event "7MCR_4D_1L_2S"]
[Site "?"]
[Date "2006.??.??"]
[Round "?"]
[White "Jandovsky, Viktor"]
[Black "Batka, Josef"]
[Result "1-0"]
[WhiteElo "2268"]
[BlackElo "2260"]
[PlyCount "87"]
[EventDate "2006.??.??"]
[EventType "corr"]

1. e4 c5 2. Nf3 Nc6 3. d4 cxd4 4. Nxd4 e5 5. Nb5 d6 6. c4 Be6 7. N1c3 a6 8. Na3
Be7 9. Nc2 Bg5 10. Ne3 Nge7 11. Bd3 O-O 12. O-O Nd4 13. b3 Rc8 14. Bb2 Ng6 15.
Ncd5 Nf4 16. Nxf4 Bxf4 17. Nd5 Bxd5 18. exd5 g6 19. Re1 f5 20. Bxd4 exd4 21. g3
Be5 22. f4 Bg7 23. Re6 Qc7 24. Qe2 Bf6 25. Re1 Rcd8 26. g4 fxg4 27. Qxg4 Kh8
28. Kh1 Qg7 29. Qh3 Qf7 30. Rg1 Rg8 31. f5 g5 32. Qh6 Bg7 33. Qxg5 Be5 34. Qh6
Rxg1+ 35. Kxg1 Rg8+ 36. Kf2 Rf8 37. Ke2 Qg7 38. Qxg7+ Kxg7 39. c5 Rf7 40. h3
Kf8 41. cxd6 Bh2 42. Kf3 Rd7 43. Ke4 Rxd6 44. f6 1-0

[Event "7MCR_4D_1L_2S"]
[Site "?"]
[Date "2006.??.??"]
[Round "?"]
[White "Jandovsky, Viktor"]
[Black "Bednarik, Radovan"]
[Result "1/2-1/2"]
[WhiteElo "2268"]
[BlackElo "2201"]
[PlyCount "82"]
[EventDate "2006.??.??"]
[EventType "corr"]

1. e4 e5 2. Nf3 Nc6 3. Bb5 Nd4 4. Nxd4 exd4 5. O-O Bc5 6. d3 c6 7. Ba4 d6 8. c3
Ne7 9. Nd2 O-O 10. Nb3 dxc3 11. Nxc5 cxb2 12. Bxb2 dxc5 13. f4 f5 14. Bb3+ Kh8
15. Qh5 Ng8 16. Rae1 a5 17. Bxg8 Kxg8 18. Re3 fxe4 19. Rg3 Rf7 20. dxe4 Be6 21.
Qh6 Qd7 22. Bxg7 Rxg7 23. Rxg7+ Qxg7 24. Qxe6+ Qf7 25. Qg4+ Qg7 26. Qxg7+ Kxg7
27. Rd1 b5 28. Rd7+ Kg8 29. Rc7 Ra6 30. e5 c4 31. Kf2 b4 32. e6 Ra8 33. f5 Rf8
34. g4 b3 35. axb3 cxb3 36. Rb7 a4 37. Ke3 c5 38. Kd3 h5 39. gxh5 a3 40. Rxb3
a2 41. Ra3 Rxf5 1/2-1/2

[Event "7MCR_4D_1L_2S"]
[Site "?"]
[Date "2006.??.??"]
[Round "?"]
[White "Jandovsky, Viktor"]
[Black "Kuta, Miroslav"]
[Result "1/2-1/2"]
[WhiteElo "2268"]
[BlackElo "2248"]
[PlyCount "48"]
[EventDate "2006.??.??"]
[EventType "corr"]

1. e4 c6 2. d4 d5 3. exd5 cxd5 4. c3 Nc6 5. Nf3 Bg4 6. Qb3 Bxf3 7. Qxb7 Qc8 8.
Qxc8+ Rxc8 9. gxf3 Nxd4 10. Kd1 Nxf3 11. Be3 Nf6 12. Bxa7 e5 13. Bb5+ Ke7 14.
a4 Ke6 15. Ke2 Nh4 16. Nd2 Bc5 17. Bxc5 Rxc5 18. Rhc1 Ng6 19. Kf1 Nf4 20. b4
Rc7 21. c4 d4 22. Ra3 Ng4 23. h3 Nh2+ 24. Ke1 f5 1/2-1/2

[Event "7MCR_4D_1L_2S"]
[Site "?"]
[Date "2006.??.??"]
[Round "?"]
[White "Jandovsky, Viktor"]
[Black "Nyvlt, Zdenek"]
[Result "1/2-1/2"]
[WhiteElo "2268"]
[BlackElo "2302"]
[PlyCount "111"]
[EventDate "2006.??.??"]
[EventType "corr"]

1. e4 d6 2. d4 Nf6 3. Nc3 g6 4. Be3 c6 5. h3 Bg7 6. f4 Qb6 7. Qc1 O-O 8. Nf3
Na6 9. a3 d5 10. e5 Ne4 11. Nxe4 dxe4 12. Nd2 f5 13. Bc4+ e6 14. Nb3 Qd8 15.
Bxa6 bxa6 16. h4 h5 17. Bd2 Rf7 18. Ba5 Qd7 19. Bb4 Bh6 20. Bd6 Qd8 21. Nc5
Qa5+ 22. Kf2 Bf8 23. Bxf8 Rxf8 24. Qe3 Rb8 25. b4 Qd8 26. Nb3 Qd5 27. Rh3 Kh7
28. Rd1 Rd8 29. Qe2 Qd7 30. Rc3 Qe7 31. Kg3 Bb7 32. Rc5 Rd5 33. Qc4 Rc8 34. Kh3
Kg7 35. g3 Kh7 36. Kh2 Rcd8 37. Kg2 Kg7 38. Kf2 Kf7 39. Re1 Qc7 40. Rxd5 exd5
41. Qc5 Qb6 42. Qc3 Bc8 43. Re3 Bd7 44. Qd2 Rb8 45. Rc3 Qc7 46. Rc5 Rb5 47. a4
Rxc5 48. Nxc5 Bc8 49. a5 Qb8 50. c4 Qc7 51. cxd5 cxd5 52. Qc3 Qb8 53. Nb3 Bd7
54. Qc5 Qb5 55. Nc1 Ke8 56. Qxb5 1/2-1/2

[Event "7MCR_4D_1L_2S"]
[Site "?"]
[Date "2006.??.??"]
[Round "?"]
[White "Jandovsky, Viktor"]
[Black "Postl, Rostislav"]
[Result "1-0"]
[WhiteElo "2268"]
[BlackElo "2319"]
[PlyCount "89"]
[EventDate "2006.??.??"]
[EventType "corr"]

1. e4 e5 2. Nf3 Nc6 3. Bb5 a6 4. Ba4 Nf6 5. O-O Be7 6. Re1 b5 7. Bb3 d6 8. c3
O-O 9. h3 Na5 10. Bc2 c5 11. d4 Qc7 12. Nbd2 cxd4 13. cxd4 Bb7 14. d5 Rac8 15.
Bd3 Nd7 16. Nf1 Nc5 17. Ng3 Nxd3 18. Qxd3 Nc4 19. b3 Nb6 20. Be3 Bd8 21. Nf5
Qd7 22. Ng5 g6 23. Nh6+ Kg7 24. Qd2 Na8 25. f4 Kxh6 26. fxe5 Kg7 27. e6 Qe8 28.
Nxf7 Rxf7 29. Bh6+ Kg8 30. exf7+ Qxf7 31. Rf1 Qe7 32. Rf3 Nb6 33. Kh1 Nd7 34.
Raf1 Nf6 35. Rxf6 Qxf6 36. Rxf6 Bxf6 37. Qf4 Be5 38. Qg4 a5 39. Qe6+ Kh8 40.
Qf7 Ba8 41. Bg5 h5 42. Bf6+ Bxf6 43. Qxf6+ Kh7 44. Qxd6 Kh6 45. h4 1-0

[Event "7MCR_4D_1L_2S"]
[Site "?"]
[Date "2006.??.??"]
[Round "?"]
[White "Jandovsky, Viktor"]
[Black "Splichal, Stanislav"]
[Result "1/2-1/2"]
[WhiteElo "2268"]
[BlackElo "2258"]
[PlyCount "61"]
[EventDate "2006.??.??"]
[EventType "corr"]

1. e4 c5 2. Nf3 Nc6 3. d4 cxd4 4. Nxd4 e6 5. Nc3 Qc7 6. Be3 a6 7. Bd3 Nf6 8.
O-O Ne5 9. h3 Bc5 10. Kh1 d6 11. f4 Ng6 12. Qe1 O-O 13. Rd1 Bd7 14. Nf3 Bxe3
15. Qxe3 Bc6 16. Nd4 Rfe8 17. Nxc6 bxc6 18. Ne2 a5 19. c4 Reb8 20. Rd2 a4 21.
Nd4 Rb4 22. f5 Ne5 23. fxe6 fxe6 24. Nxe6 Qf7 25. Nd4 Nxc4 26. Bxc4 Qxc4 27.
Rxf6 gxf6 28. Qg3+ Kh8 29. Qxd6 Qc1+ 30. Kh2 Qxd2 31. Qxf6+ 1/2-1/2

[Event "7MCR_4D_1L_2S"]
[Site "?"]
[Date "2006.??.??"]
[Round "?"]
[White "Jandovsky, Viktor"]
[Black "Tkac, Leopold"]
[Result "1-0"]
[WhiteElo "2268"]
[BlackElo "2122"]
[PlyCount "61"]
[EventDate "2006.??.??"]
[EventType "corr"]

1. e4 e5 2. Nf3 Nc6 3. Bb5 a6 4. Ba4 Nf6 5. O-O b5 6. Bb3 Bd6 7. Re1 O-O 8. d4
Bb7 9. c3 h6 10. Nbd2 Re8 11. h3 Bf8 12. Nf1 Bd6 13. d5 Na5 14. Bc2 c6 15. dxc6
dxc6 16. Ne3 c5 17. Nh2 Bf8 18. Nhg4 Re6 19. Qf3 Nxg4 20. Qxg4 Rg6 21. Qh5 Qd7
22. Ng4 Bd6 23. f4 exf4 24. e5 Qc6 25. Be4 Qe8 26. exd6 Bxe4 27. Bxf4 Rd8 28.
Rad1 Qe6 29. Qxc5 f5 30. Qc7 fxg4 31. Qxd8+ 1-0

[Event "7MCR_4D_1L_2S"]
[Site "?"]
[Date "2006.??.??"]
[Round "?"]
[White "Jirku, Jaroslav"]
[Black "Hladecek, Miloslav"]
[Result "1/2-1/2"]
[WhiteElo "2292"]
[BlackElo "2281"]
[PlyCount "90"]
[EventDate "2006.??.??"]
[EventType "corr"]

1. e4 e6 2. d4 d5 3. exd5 exd5 4. Nf3 Nf6 5. Bd3 Bd6 6. O-O O-O 7. Bg5 Bg4 8.
Nbd2 Re8 9. c3 Nbd7 10. Qc2 h6 11. Bh4 c6 12. h3 Be6 13. Rfe1 Qc7 14. Nf1 Nh5
15. Bh7+ Kf8 16. Bf5 Bxf5 17. Qxf5 g6 18. Qd3 Ndf6 19. N3d2 Qd7 20. b3 Rxe1 21.
Rxe1 Re8 22. Rxe8+ Qxe8 23. Bxf6 Nxf6 24. Ne3 Nh5 25. g3 Qe6 26. Kg2 f5 27. Nd1
Kf7 28. c4 Nf6 29. Nc3 g5 30. c5 Bc7 31. b4 Ke7 32. b5 Kd7 33. Ne2 h5 34. a4
Ne4 35. f3 Nxd2 36. Qxd2 h4 37. gxh4 gxh4 38. Qd3 Kc8 39. Kf2 f4 40. Kg2 Kb8
41. Kh2 Kc8 42. Kg2 Kd8 43. Kh2 Kd7 44. Qh7+ Kc8 45. Qd3 Kb8 1/2-1/2

[Event "7MCR_4D_1L_2S"]
[Site "?"]
[Date "2006.??.??"]
[Round "?"]
[White "Jirku, Jaroslav"]
[Black "Jandovsky, Viktor"]
[Result "1/2-1/2"]
[WhiteElo "2292"]
[BlackElo "2268"]
[PlyCount "60"]
[EventDate "2006.??.??"]
[EventType "corr"]

1. e4 c5 2. Nf3 d6 3. d4 cxd4 4. Nxd4 Nf6 5. Nc3 a6 6. Bg5 e6 7. f4 Be7 8. Qf3
Qc7 9. O-O-O Nbd7 10. g4 b5 11. Bxf6 Nxf6 12. g5 Nd7 13. f5 Nc5 14. f6 gxf6 15.
gxf6 Bf8 16. Rg1 h5 17. a3 Rb8 18. e5 Bb7 19. Qg3 d5 20. Kb1 Nd7 21. Bh3 Qxe5
22. Bxe6 Qxg3 23. Bxd7+ Kxd7 24. Rxg3 h4 25. Rgd3 Rh5 26. Nf3 Ke6 27. Nd4+ Kd7
28. Nf3 Ke6 29. Nd4+ Kd7 30. Nf3 Ke6 1/2-1/2

[Event "7MCR_4D_1L_2S"]
[Site "?"]
[Date "2006.??.??"]
[Round "?"]
[White "Jirku, Jaroslav"]
[Black "Mikoska, Josef"]
[Result "0-1"]
[WhiteElo "2292"]
[BlackElo "2149"]
[PlyCount "120"]
[EventDate "2006.??.??"]
[EventType "corr"]

1. e4 e5 2. Nf3 Nc6 3. Bb5 a6 4. Ba4 Nf6 5. O-O Bc5 6. c3 b5 7. Bb3 d6 8. a4
Bb7 9. d4 Bb6 10. Bg5 h6 11. Bxf6 Qxf6 12. Bd5 O-O 13. Na3 Rfb8 14. Nc2 exd4
15. cxd4 bxa4 16. Rxa4 Ne7 17. Bxb7 Rxb7 18. Qd3 a5 19. b4 Rba7 20. b5 Ng6 21.
Ne3 Nf4 22. Qc4 Re8 23. Qc6 Raa8 24. Nf5 Qe6 25. d5 Qf6 26. Ra2 Qg6 27. Ng3 h5
28. Kh1 Qg4 29. Ne1 Qd1 30. Rb2 Qd4 31. Rc2 a4 32. Nf3 Qb4 33. Ng5 Rad8 34. h3
a3 35. Kh2 h4 36. Nf5 f6 37. Nf3 Rxe4 38. N3xh4 Qb3 39. Ra1 Re2 40. Rc3 Qxd5
41. Qxd5+ Nxd5 42. Rcxa3 Rxf2 43. Rd1 Nf4 44. Rf3 Rxf3 45. Nxf3 Re8 46. h4 Re4
47. g3 Re2+ 48. Kh1 Nh5 49. g4 Nf4 50. Rd2 Re4 51. Kh2 g6 52. N5d4 Nd5 53. Kh3
Ne3 54. g5 Nc4 55. Rd3 Ne5 56. Rd1 f5 57. Kg2 Rg4+ 58. Kh3 Nxf3 59. Nxf3 Bf2
60. Rd3 Kf7 0-1

[Event "7MCR_4D_1L_2S"]
[Site "?"]
[Date "2006.??.??"]
[Round "?"]
[White "Jirku, Jaroslav"]
[Black "Postl, Rostislav"]
[Result "1-0"]
[WhiteElo "2292"]
[BlackElo "2319"]
[PlyCount "131"]
[EventDate "2006.??.??"]
[EventType "corr"]

1. e4 e5 2. Nf3 Nc6 3. Bb5 a6 4. Ba4 d6 5. O-O Nf6 6. Re1 Bg4 7. c3 Be7 8. d3
O-O 9. Nbd2 b5 10. Bc2 d5 11. h3 Bh5 12. Qe2 d4 13. g4 dxc3 14. bxc3 Bg6 15.
Nf1 Bc5 16. Be3 Qe7 17. Bb3 Rab8 18. Nh4 Bxe3 19. Qxe3 Qd7 20. Rad1 Rfd8 21. d4
exd4 22. cxd4 Nxd4 23. e5 Nxg4 24. Qf4 Nxe5 25. Rxe5 c5 26. Ng3 Rbc8 27. Nhf5
Bxf5 28. Nxf5 Qxf5 29. Rxf5 Ne2+ 30. Kf1 Nxf4 31. Bxf7+ Kh8 32. Rxd8+ Rxd8 33.
Rxf4 g6 34. Rf3 c4 35. Be6 Rd6 36. Re3 Kg7 37. Bg4 Kf6 38. Ke1 b4 39. Re4 Rc6
40. Kd1 a5 41. Be2 c3 42. Kc2 Kg5 43. Re5+ Kh4 44. Re7 h5 45. Bf1 g5 46. Re4+
g4 47. hxg4 hxg4 48. f3 Kg3 49. fxg4 Kh4 50. Rd4 Rf6 51. Be2 Rf7 52. Rd5 a4 53.
Rh5+ Kg3 54. Rb5 Rf2 55. Re5 Rh2 56. Re4 Kh4 57. a3 bxa3 58. Kxc3 Rg2 59. Kc2
Rg3 60. Rxa4 Kh3 61. Rb4 Kh2 62. Kb1 Kh3 63. Ka2 Kh4 64. Rb3 Rg2 65. Re3 Kg5
66. Kxa3 1-0

[Event "7MCR_4D_1L_2S"]
[Site "?"]
[Date "2006.??.??"]
[Round "?"]
[White "Jirku, Jaroslav"]
[Black "Pravec, Ladislav"]
[Result "1/2-1/2"]
[WhiteElo "2292"]
[BlackElo "2401"]
[PlyCount "93"]
[EventDate "2006.??.??"]
[EventType "corr"]

1. e4 c5 2. Nf3 Nc6 3. d4 cxd4 4. Nxd4 Nf6 5. Nc3 d6 6. Bg5 e6 7. Qd2 Be7 8.
O-O-O O-O 9. f4 h6 10. Bh4 e5 11. Nf5 Bxf5 12. exf5 exf4 13. Kb1 d5 14. Bxf6
Bxf6 15. Nxd5 Be5 16. c3 Ne7 17. Bc4 Nxf5 18. Qe2 Re8 19. Bb5 Re6 20. Nxf4 Rd6
21. Nd3 Bf6 22. Nc5 Qc7 23. Ne4 Rxd1+ 24. Rxd1 Be5 25. Rd7 Qb6 26. g3 Rd8 27.
Qf2 Rxd7 28. Qxb6 axb6 29. Bxd7 Ne3 30. Nd2 g5 31. Nf3 Bc7 32. Kc1 Kf8 33. Kd2
Nc4+ 34. Kc2 Ke7 35. Bc8 Nd6 36. Bh3 f5 37. Nd4 Kf6 38. a4 g4 39. Bf1 h5 40. b4
Ne4 41. Bg2 h4 42. gxh4 Bxh2 43. Kd3 Bg3 44. Bxe4 fxe4+ 45. Kxe4 Bxh4 46. Kf4
g3 47. Kf3 1/2-1/2

[Event "7MCR_4D_1L_2S"]
[Site "?"]
[Date "2006.??.??"]
[Round "?"]
[White "Jirku, Jaroslav"]
[Black "Splichal, Stanislav"]
[Result "0-1"]
[WhiteElo "2292"]
[BlackElo "2258"]
[PlyCount "114"]
[EventDate "2006.??.??"]
[EventType "corr"]

1. e4 c5 2. Nf3 Nc6 3. d4 cxd4 4. Nxd4 e6 5. Nc3 Qc7 6. Be2 a6 7. O-O Nf6 8.
Kh1 Be7 9. f4 d6 10. Be3 O-O 11. a4 Re8 12. Bf3 Bf8 13. Nb3 b6 14. a5 bxa5 15.
Qd2 Rb8 16. Qf2 Rb4 17. Bd2 Bd7 18. Rfe1 Reb8 19. Nd1 a4 20. Bxb4 Nxb4 21. Nd4
e5 22. Nf5 Qxc2 23. Re2 Qb3 24. fxe5 dxe5 25. Rd2 Bxf5 26. exf5 e4 27. Be2 Re8
28. Qf1 e3 29. Rd4 Nc2 30. Rd3 Nxa1 31. Rxb3 Nxb3 32. Qf4 Nc1 33. Nc3 Nxe2 34.
Nxe2 Re4 35. Qc7 Rb4 36. Qc2 g6 37. g3 Ne4 38. fxg6 hxg6 39. Nf4 Rd4 40. Kg1
Ng5 41. Nd3 Ne6 42. Kf1 Kh7 43. Qe2 Re4 44. Nc1 Re5 45. Qxa6 Nd4 46. Qxa4 Rf5+
47. Kg1 e2 48. Nxe2 Nxe2+ 49. Kh1 Bc5 50. Qh4+ Kg7 51. Qe4 Rf1+ 52. Kg2 Rf2+
53. Kh1 Bd4 54. b4 Bf6 55. Qb7 Nc3 56. Qc7 Nd1 57. Qb6 Rd2 0-1

[Event "7MCR_4D_1L_2S"]
[Site "?"]
[Date "2006.??.??"]
[Round "?"]
[White "Jirku, Jaroslav"]
[Black "Vosahlik, Jiri"]
[Result "1/2-1/2"]
[WhiteElo "2292"]
[BlackElo "2328"]
[PlyCount "113"]
[EventDate "2006.??.??"]
[EventType "corr"]

1. e4 c5 2. Nf3 Nc6 3. d4 cxd4 4. Nxd4 Nf6 5. Nc3 d6 6. Bg5 e6 7. Qd2 a6 8.
O-O-O h6 9. Be3 Be7 10. f4 Nxd4 11. Bxd4 b5 12. Qe3 Bb7 13. Bxf6 gxf6 14. Bd3
Qc7 15. f5 Qc5 16. Qg3 Kd7 17. Kb1 Rag8 18. Qh3 h5 19. Rd2 Qe5 20. Rhd1 Kc7 21.
a3 Kb8 22. Be2 Rc8 23. Rd4 Rc5 24. Bf3 Rc6 25. Na2 Rc5 26. R4d2 exf5 27. b4 Rc4
28. exf5 d5 29. Bxd5 Rd8 30. Bf3 Rxd2 31. Rxd2 Bd6 32. Qxh5 Qxh2 33. Qxh2 Bxh2
34. Bxb7 Kxb7 35. Nc1 Be5 36. Nd3 Kc6 37. Ka2 Rg4 38. Kb3 Rc4 39. Rf2 Kd5 40.
Rd2 Kc6 41. Rf2 Kd5 42. Re2 Rc3+ 43. Ka2 Rc4 44. Rd2 Ke4 45. Nc5+ Ke3 46. Rd3+
Kf4 47. Kb3 a5 48. c3 axb4 49. Rf3+ Kg5 50. cxb4 Rg4 51. a4 bxa4+ 52. Kxa4 Rxg2
53. b5 Rc2 54. Nd3 Bd4 55. Kb3 Rc3+ 56. Kb4 Rc2 57. Kb3 1/2-1/2

[Event "7MCR_4D_1L_2S"]
[Site "?"]
[Date "2006.??.??"]
[Round "?"]
[White "Kuta, Miroslav"]
[Black "Dedina, Miroslav"]
[Result "1-0"]
[WhiteElo "2248"]
[BlackElo "2302"]
[PlyCount "93"]
[EventDate "2006.??.??"]
[EventType "corr"]

1. d4 Nf6 2. c4 g6 3. Nc3 Bg7 4. e4 O-O 5. Nf3 d6 6. Be2 Nbd7 7. O-O c6 8. Qc2
e5 9. Rd1 exd4 10. Nxd4 Re8 11. Bg5 Qa5 12. Bf4 Qc7 13. Nb3 Ne5 14. Rd4 Nh5 15.
Bxh5 gxh5 16. Rad1 Qe7 17. Rxd6 Nxc4 18. R6d3 Qf6 19. Bc7 h4 20. h3 Qg6 21. f4
b6 22. Qf2 Bb7 23. Qxh4 Kh8 24. Rd7 Bf6 25. Qf2 Bc8 26. R7d3 Ba6 27. Rf3 Bxc3
28. f5 Qf6 29. Rxc3 c5 30. Rd5 Rac8 31. Bf4 Rcd8 32. Rxd8 Rxd8 33. Qe2 Qh4 34.
Bc7 Rd7 35. Bg3 Qg5 36. Kh2 Rd8 37. h4 Qg7 38. e5 Rg8 39. e6 f6 40. Nd2 Nxd2
41. Qxd2 Bb7 42. Re3 Be4 43. Rxe4 Qxg3+ 44. Kh1 Qg7 45. e7 Qf7 46. Qd7 Re8 47.
g4 1-0

[Event "7MCR_4D_1L_2S"]
[Site "?"]
[Date "2006.??.??"]
[Round "?"]
[White "Kuta, Miroslav"]
[Black "Hladecek, Miloslav"]
[Result "1-0"]
[WhiteElo "2248"]
[BlackElo "2281"]
[PlyCount "105"]
[EventDate "2006.??.??"]
[EventType "corr"]

1. d4 Nf6 2. c4 e6 3. Nc3 d5 4. cxd5 exd5 5. Bg5 c6 6. e3 h6 7. Bh4 Bf5 8. Qf3
Bg6 9. Bxf6 Qxf6 10. Qxf6 gxf6 11. Kd2 Nd7 12. Bd3 Rg8 13. g3 Bd6 14. Nf3 Bxd3
15. Kxd3 f5 16. Nh4 Rg5 17. Ne2 Ke7 18. Nf4 Kf6 19. Nf3 Rgg8 20. Rhg1 Nf8 21.
Nh5+ Ke6 22. Ke2 a5 23. Nf4+ Kd7 24. a3 a4 25. Nd3 Ne6 26. Nh4 Rg5 27. b4 axb3
28. Rgb1 Kc7 29. Rxb3 Ra4 30. f4 Rh5 31. Nf3 b6 32. h4 f6 33. Rab1 Ra6 34. Nb4
Bxb4 35. axb4 b5 36. Ne1 Ng7 37. Nc2 Ne8 38. Ra1 Ra4 39. Rxa4 bxa4 40. Ra3 Kb6
41. Rxa4 Nd6 42. Kf3 Ne4 43. Ra5 Nd2+ 44. Kg2 Ne4 45. Ne1 Nd6 46. Kh3 Nc4 47.
g4 Rxh4+ 48. Kxh4 Nxe3 49. g5 fxg5+ 50. fxg5 hxg5+ 51. Kxg5 Nc4 52. Rc5 Nd6 53.
Nf3 1-0

[Event "7MCR_4D_1L_2S"]
[Site "?"]
[Date "2006.??.??"]
[Round "?"]
[White "Kuta, Miroslav"]
[Black "Jirku, Jaroslav"]
[Result "1-0"]
[WhiteElo "2248"]
[BlackElo "2292"]
[PlyCount "47"]
[EventDate "2006.??.??"]
[EventType "corr"]

1. d4 d5 2. c4 e6 3. Nc3 Nf6 4. cxd5 exd5 5. Bg5 c6 6. e3 h6 7. Bh4 Be7 8. Qc2
O-O 9. Bd3 Re8 10. Nge2 Ne4 11. Bxe7 Qxe7 12. Bxe4 dxe4 13. Ng3 f5 14. O-O Be6
15. f3 Qg5 16. fxe4 Qxe3+ 17. Kh1 Qxd4 18. Rad1 Qe5 19. exf5 Bf7 20. f6 g6 21.
Nce4 Kh7 22. Nd6 Rf8 23. Nxf7 Rxf7 24. Qb3 1-0

[Event "7MCR_4D_1L_2S"]
[Site "?"]
[Date "2006.??.??"]
[Round "?"]
[White "Kuta, Miroslav"]
[Black "Nyvlt, Zdenek"]
[Result "1-0"]
[WhiteElo "2248"]
[BlackElo "2302"]
[PlyCount "141"]
[EventDate "2006.??.??"]
[EventType "corr"]

1. d4 Nf6 2. c4 c5 3. d5 g6 4. Nc3 Bg7 5. e4 d6 6. Bd3 O-O 7. h3 e6 8. Nf3 Na6
9. O-O e5 10. a3 Ne8 11. Bc2 Nac7 12. b4 Na6 13. Rb1 Bd7 14. Bg5 Nf6 15. Nd2
Qe7 16. Ba4 Rfc8 17. Bb5 Bxb5 18. Nxb5 b6 19. Qa4 Nb8 20. bxc5 Rxc5 21. Be3
Nbd7 22. Bxc5 Nxc5 23. Qc2 Bh6 24. f3 Be3+ 25. Kh2 Nh5 26. Rfe1 Bf2 27. Red1
Qh4 28. Nf1 Nb7 29. Nc3 Qf4+ 30. Kh1 Qh4 31. Ne2 Bc5 32. a4 Rc8 33. Nc1 Na5 34.
Nb3 Nxb3 35. Rxb3 Kg7 36. Kh2 Bf2 37. Ra1 Qf4+ 38. Kh1 Bd4 39. Ra2 f5 40. exf5
gxf5 41. a5 Kh8 42. Rb1 Bc5 43. Qd3 bxa5 44. Rxa5 Bb6 45. Ra4 Qg5 46. g4 fxg4
47. c5 Bxc5 48. Rxg4 Qh6 49. Qf5 Rf8 50. Qg5 Qxg5 51. Rxg5 Nf6 52. Ng3 Bb6 53.
h4 Nxd5 54. Rd1 Ne3 55. Rxd6 Rf4 56. Rh6 Bd4 57. Ne2 Rxf3 58. Nxd4 exd4 59. Rd6
Rf1+ 60. Kh2 Rf2+ 61. Kg3 Rf8 62. Rd7 a6 63. Rh5 Nf5+ 64. Kg4 Ng7 65. Rh6 Rg8
66. h5 a5 67. Rc6 Ne6+ 68. Kf5 Ng7+ 69. Kg5 a4 70. h6 Ne8+ 71. Kf5 1-0

[Event "7MCR_4D_1L_2S"]
[Site "?"]
[Date "2006.??.??"]
[Round "?"]
[White "Kuta, Miroslav"]
[Black "Tkac, Leopold"]
[Result "1-0"]
[WhiteElo "2248"]
[BlackElo "2122"]
[PlyCount "93"]
[EventDate "2006.??.??"]
[EventType "corr"]

1. d4 Nf6 2. c4 e6 3. Nc3 Nc6 4. Nf3 Bb4 5. Qc2 O-O 6. Bg5 h6 7. Bh4 d6 8. e3
e5 9. d5 Nb8 10. Nd2 Bxc3 11. Qxc3 Na6 12. Qa3 Bf5 13. e4 Bc8 14. Be2 Qe7 15.
O-O c5 16. dxc6 bxc6 17. f3 Nc5 18. Nb3 Ne6 19. Bxf6 gxf6 20. Rfd1 Rd8 21. Rd2
Kg7 22. Rad1 c5 23. Bd3 Rg8 24. Bc2 Nd4 25. Nxd4 cxd4 26. b4 Qb7 27. Bd3 Rb8
28. Rb1 Qc7 29. Rc2 Kh7 30. Qc1 Bb7 31. c5 dxc5 32. Rxc5 Qb6 33. Rb2 Kg7 34. a3
Rgc8 35. Rbc2 Qe6 36. Kf2 Rxc5 37. Rxc5 Rc8 38. Rc4 Rxc4 39. Qxc4 Qc8 40. Qxc8
Bxc8 41. a4 Kf8 42. a5 Bb7 43. a6 Ba8 44. b5 Ke7 45. b6 axb6 46. Bc4 Kd7 47.
Bd5 1-0

[Event "7MCR_4D_1L_2S"]
[Site "?"]
[Date "2006.??.??"]
[Round "?"]
[White "Kuta, Miroslav"]
[Black "Toman, Antonin"]
[Result "1/2-1/2"]
[WhiteElo "2248"]
[BlackElo "2248"]
[PlyCount "61"]
[EventDate "2006.??.??"]
[EventType "corr"]

1. d4 d5 2. c4 e6 3. Nc3 c6 4. Nf3 Nf6 5. e3 Nbd7 6. Qc2 Bd6 7. Bd3 e5 8. cxd5
cxd5 9. Nb5 Bb8 10. dxe5 Nxe5 11. Nxe5 Bxe5 12. Bd2 a6 13. Bc3 Bxc3+ 14. Nxc3
O-O 15. O-O Qd6 16. Be2 b5 17. Rfd1 Be6 18. a3 Rac8 19. Rd4 Qb8 20. Qd2 Rfd8
21. Rd1 Rd7 22. Bf3 Rc4 23. b3 Rc5 24. Na2 Qc8 25. Nb4 h6 26. Nd3 Rc2 27. Qe1
Qc3 28. a4 bxa4 29. Qxc3 Rxc3 30. bxa4 a5 31. h3 1/2-1/2

[Event "7MCR_4D_1L_2S"]
[Site "?"]
[Date "2006.??.??"]
[Round "?"]
[White "Kuta, Miroslav"]
[Black "Vosahlik, Jiri"]
[Result "1/2-1/2"]
[WhiteElo "2248"]
[BlackElo "2328"]
[PlyCount "43"]
[EventDate "2006.??.??"]
[EventType "corr"]

1. d4 Nf6 2. c4 e6 3. Nc3 Bb4 4. Nf3 c5 5. g3 cxd4 6. Nxd4 O-O 7. Bg2 d5 8.
cxd5 Nxd5 9. Qb3 Nc6 10. Nxc6 bxc6 11. O-O Rb8 12. a3 Bd6 13. Qc2 Ba6 14. b4
Nxc3 15. Qxc3 Bxe2 16. Re1 Bb5 17. Be3 a5 18. bxa5 Bc7 19. Red1 Bxa5 20. Qe5
Bc7 21. Qc3 Ba5 22. Qe5 1/2-1/2

[Event "7MCR_4D_1L_2S"]
[Site "?"]
[Date "2006.??.??"]
[Round "?"]
[White "Mikoska, Josef"]
[Black "Batka, Josef"]
[Result "1/2-1/2"]
[WhiteElo "2149"]
[BlackElo "2260"]
[PlyCount "81"]
[EventDate "2006.??.??"]
[EventType "corr"]

1. e4 c5 2. b3 Nc6 3. Bb2 e5 4. f4 exf4 5. Nf3 Nf6 6. Nc3 Be7 7. Bc4 O-O 8. O-O
Nxe4 9. Nd5 Nb4 10. Ne5 Nxd5 11. Bxd5 Nf6 12. Qf3 Nxd5 13. Qxd5 d6 14. Nxf7
Rxf7 15. Rxf4 Bf6 16. Raf1 Kf8 17. Qe4 d5 18. Qxh7 Be6 19. Bxf6 gxf6 20. Qh6+
Ke7 21. Rxf6 Rxf6 22. Rxf6 Qd7 23. Qg7+ Kd6 24. Qg3+ Kc6 25. Qg4 Re8 26. Qa4+
Kd6 27. Qxa7 b5 28. Qa5 Qc6 29. Qc3 d4 30. Qg3+ Kd7 31. Qd3 Ra8 32. Qh7+ Kd6
33. Rh6 b4 34. Qg6 Re8 35. h4 Kc7 36. h5 Kb6 37. Qf6 Bd5 38. Qg5 Re6 39. Rxe6
Qxe6 40. d3 Qf7 41. Qd8+ 1/2-1/2

[Event "7MCR_4D_1L_2S"]
[Site "?"]
[Date "2006.??.??"]
[Round "?"]
[White "Mikoska, Josef"]
[Black "Bednarik, Radovan"]
[Result "1-0"]
[WhiteElo "2149"]
[BlackElo "2201"]
[PlyCount "125"]
[EventDate "2006.??.??"]
[EventType "corr"]

1. e4 e5 2. Nf3 Nc6 3. Bb5 Nd4 4. Nxd4 exd4 5. O-O Bc5 6. e5 Ne7 7. d3 O-O 8.
Nd2 d5 9. exd6 Bxd6 10. Ne4 Be6 11. Re1 c6 12. Ba4 Ng6 13. Bd2 Bf4 14. Bxf4
Nxf4 15. Qf3 Qc7 16. g3 Ng6 17. Qh5 h6 18. f4 Rfd8 19. f5 Rd5 20. Rf1 Qa5 21.
Bb3 Rxf5 22. Rxf5 Qxf5 23. Qxf5 Bxf5 24. Nd6 Be6 25. Nxb7 Rb8 26. Nc5 Bxb3 27.
axb3 Rb5 28. Ne4 Ne5 29. Nd6 Rd5 30. Nc4 Kf8 31. Kg2 Nxc4 32. bxc4 Rd7 33. Kf3
Ke7 34. Ke4 Ke6 35. g4 g6 36. Ra6 f5+ 37. gxf5+ gxf5+ 38. Kf4 Rc7 39. Ra5 Rg7
40. Rxf5 Rg2 41. Rh5 Rxc2 42. Rxh6+ Kd7 43. Rh7+ Kd8 44. Ke5 Rxb2 45. Kxd4 Rd2
46. Rxa7 Rxh2 47. Kc5 Rh6 48. d4 Re6 49. Kb6 Re4 50. Kxc6 Rxd4 51. c5 Rc4 52.
Ra8+ Ke7 53. Rc8 Rc1 54. Kb7 Rb1+ 55. Kc7 Rc1 56. c6 Rc2 57. Ra8 Rd2 58. Ra6
Rc2 59. Rb6 Rc1 60. Kc8 Rc2 61. c7 Rc1 62. Kb8 Kd7 63. Rb7 1-0

[Event "7MCR_4D_1L_2S"]
[Site "?"]
[Date "2006.??.??"]
[Round "?"]
[White "Mikoska, Josef"]
[Black "Jandovsky, Viktor"]
[Result "1/2-1/2"]
[WhiteElo "2149"]
[BlackElo "2268"]
[PlyCount "47"]
[EventDate "2006.??.??"]
[EventType "corr"]

1. e4 e5 2. Nf3 Nc6 3. Bb5 Nf6 4. Nc3 Bb4 5. O-O O-O 6. d3 d6 7. Ne2 Ne7 8. c3
Ba5 9. Bg5 Ng6 10. Nh4 h6 11. Nxg6 fxg6 12. Bc4+ Kh8 13. Bxf6 Qxf6 14. d4 Bd7
15. f4 exd4 16. Nxd4 Rae8 17. Qd3 Bb6 18. Kh1 Qh4 19. e5 Bxd4 20. cxd4 Rxf4 21.
Rxf4 Qxf4 22. Rf1 Qg5 23. Qf3 dxe5 24. Qf8+ 1/2-1/2

[Event "7MCR_4D_1L_2S"]
[Site "?"]
[Date "2006.??.??"]
[Round "?"]
[White "Mikoska, Josef"]
[Black "Kuta, Miroslav"]
[Result "1/2-1/2"]
[WhiteElo "2149"]
[BlackElo "2248"]
[PlyCount "33"]
[EventDate "2006.??.??"]
[EventType "corr"]

1. e4 c6 2. b3 d5 3. exd5 cxd5 4. Bb2 Nc6 5. Nf3 Nf6 6. Bb5 Bg4 7. h3 Bh5 8. g4
Bg6 9. Ne5 Qc7 10. h4 e6 11. Rh3 Rd8 12. d4 Bb4+ 13. Bc3 Bxc3+ 14. Rxc3 O-O 15.
f3 Nd7 16. Nxd7 Qg3+ 17. Kf1 1/2-1/2